[Event "IECG CP.2002.P.00096 email"]
[Site "IECG email"]
[Date "2002.10.01"]
[Round "?"]
[White "Van Seben, Edgar"]
[Black "Hardin, Steven"]
[Result "1-0"]
[WhiteElo "2110"]
[BlackElo "800"]
[PlyCount "47"]
[EventDate "2002.10.01"]
[EventType "tourn (corr)"]
[EventRounds "6"]
[EventCountry "NED"]
[SourceTitle "Corr 2008"]
[Source "ChessBase"]
[SourceDate "2008.06.24"]
[SourceVersion "1"]
[SourceVersionDate "2008.06.24"]
[SourceQuality "1"]

1. d4 Nf6 2. c4 e5 3. dxe5 Ng4 4. Bf4 Nc6 5. Nf3 Bb4+ 6. Nbd2 Qe7 7. e3 Ngxe5 8. Nxe5 Nxe5 9. Be2 Qh4 10. 0-0 d6 11. Qa4+ Nc6 12. Bf3 0-0 13. Nb3 Rb8 14. a3 Be6 15. axb4 Bxc4 16. Rfc1 b5 17. Qa3 Ne5 18. Bxe5 dxe5 19. Nd2 Be6 20. Qc3 Rbc8 21. Rxa7 Qe7 22. Qxe5 Qxb4 23. Ne4 Rfe8 24. Ng5 1-0